000 01749nam a2200289 i 4500
001 129302
003 ES-MaACL
005 20250511114243.0
007 t|
008 070612s1948 sp a |||| |dspa d
100 0 _aTeresa de Jesús,
_cSanta,
_d1515-1582
_9226510
245 1 0 _aObras completas /
_cSanta Teresa de Jesús.
260 _aMadrid :
_bPlenitud,
_c[1948]
300 _aXXXI, 119 p. :
_bil. ;
_c20 cm.
505 8 _aContiene: El estilo de Santa Teresa / por Ramón Menéndez Pidal - Las Madres Priora Ana de Jesús y Religiosas Carmelitas Descalzas del Monasterio de Madrid / por Fray Luis de León - La vida de la Madre Teresa de Jesús - Relaciones espirituales - Camino de perfección - Avisos de la Madre Teresa de Jesús para sus monjas - Exclamaciones o meditaciones del alma - Libro de las fundaciones - Constituciones que la Madre Teresa de Jesús dio a las Carmelitas Descalzas - Modos de visitar los conventos de las Carmelitas Descalzas - Respuesta de Santa Teresa a un desafío espiritual - Pensamientos y sentencias de Santa Teresa de Jesús - Poesías - Epistolario
510 _aCCPB,
_c001036847-7.
610 2 4 _aCarmelitas Descalzas.
_9170525
650 _aMisticismo.
_915086
650 4 _aAscetismo.
_910365
700 1 _aMenéndez Pidal, Ramón,
_d1869-1968
_980315
700 1 _aLeón, Luis de,
_d1527-1591
_971583
852 _aES-MaACL
_jD-6246
_9134032
_bR.28818
_bR.M.5841
_cSVI
_xEncuadernación en piel granate con logo dorado en la cubierta y cortes superiores en dorado.
_z"2.MAR.1950"
942 _2udc
_cMONOGRAFIA
999 _c129302
_d129302